| 000 | 00766nam a22002177a 4500 | ||
|---|---|---|---|
| 005 | 20100804104343.0 | ||
| 010 | _aENG-98007 | ||
| 020 | _c200.00 | ||
| 035 | _aEN-81540 | ||
| 037 | _bDBAD/PUB | ||
| 082 | _a363.320954 | ||
| 245 |
_aThe terror of pota : _band other security legislation in India / _cby Preeti Verma |
||
| 260 |
_aNew Delhi _bTribunal Secretariat _c2004 |
||
| 270 |
_a, Masjid Road, Jungpura _bNew Delhi _e110014 |
||
| 300 |
_a629p. _c25cm (pbk) |
||
| 650 |
_aCivil rights _95719 |
||
| 650 |
_aTerrorism prevention _95720 |
||
| 700 |
_aVerma, Preeti _95711 |
||
| 942 |
_2ddc _cEN _h363.320954 |
||
| 999 |
_c39112 _d39112 |
||